[Event "41st Olympiad Women 2014"]
[Site "Tromso NOR"]
[Date "2014.08.10"]
[Round "8.10"]
[Board "2"]
[White "Mammadova, Gulnar"]
[Black "Foisor, Cristina-Adela"]
[Result "0-1"]
[WhiteTitle "WGM"]
[BlackTitle "IM"]
[WhiteElo "2334"]
[BlackElo "2404"]
[WhiteTeam "Azerbaijan"]
[BlackTeam "Romania"]
[WhiteFideId "13403508"]
[BlackFideId "1200496"]
[EventDate "2014.08.02"]

1. e4 c5 2. Nf3 e6 3. c3 d5 4. exd5 exd5 5. d4 Nc6 6. Bb5 Bd6 7. Be3 c4 8. b3
cxb3 9. axb3 Ne7 10. O-O O-O 11. Bd3 Bf5 12. c4 Qd7 13. Nc3 Nb4 14. Bxf5 Qxf5
15. Bd2 Nec6 16. Nb5 Bb8 17. Bxb4 Nxb4 18. Qd2 a5 19. Rae1 Ra6 20. Ne5 h5 21.
Re3 dxc4 22. bxc4 Rd8 23. Qe2 Re6 24. Qf3 Qxf3 25. Nxf3 Rxe3 26. fxe3 Re8 27. c5
Rxe3 28. Ra1 Bf4 29. Rxa5 Rb3 30. g3 Rxf3 31. Kg2 Rb3 32. gxf4 Nd5 33. Nd6 Nxf4+
34. Kf2 g5 35. Ra8+ Kg7 36. Rd8 g4 37. Rd7 Rf3+ 38. Ke1 Ne6 39. Nxb7 h4 40. Nd8
Nxd8 41. Rxd8 g3 42. hxg3 hxg3 43. Ke2 Rf2+ 44. Ke3 Rf5 45. Ke4 Rf6 46. c6 g2
47. c7 Rc6 48. c8=R Rxc8 49. Rxc8 g1=Q 50. Rc5 Qe1+ 51. Kd3 Kf6 52. Kc4 Qe4 53.
Kc3 Ke6 54. Kc4 Kd6 55. Kc3 f5 0-1

[Event "41st Olympiad Women 2014"]
[Site "Tromso NOR"]
[Date "2014.08.10"]
[Round "8.10"]
[Board "3"]
[White "Bulmaga, Irina"]
[Black "Mamedjarova, Turkan"]
[Result "0-1"]
[WhiteTitle "IM"]
[BlackTitle "WGM"]
[WhiteElo "2354"]
[BlackElo "2274"]
[WhiteTeam "Romania"]
[BlackTeam "Azerbaijan"]
[WhiteFideId "13903063"]
[BlackFideId "13402005"]
[EventDate "2014.08.02"]

1. e4 c6 2. d4 d5 3. e5 Bf5 4. Nf3 e6 5. Be2 Nd7 6. O-O Ne7 7. Nbd2 Nc8 8. a4
Be7 9. Ne1 O-O 10. g4 Bg6 11. f4 f5 12. Ng2 c5 13. c4 cxd4 14. cxd5 exd5 15. Nb3
Qb6 16. a5 Qe6 17. Nxd4 Bc5 18. Ne3 Bxd4 19. Qxd4 Ne7 20. Bf3 Kh8 21. Bxd5 Nxd5
22. gxf5 Nxf4 23. Qxf4 Bxf5 24. Nxf5 g6 25. Nd4 Qa6 26. e6 Rxf4 27. Bxf4 Nc5 28.
e7 Qf6 29. Rad1 Qxe7 30. b4 Ne4 31. Nf3 Kg8 32. Be5 Rf8 33. Rde1 Qxb4 34. Rc1
Re8 35. Bd4 Nd2 36. Bc3 Qg4+ 37. Kh1 Nxf1 38. Rxf1 Rf8 0-1

[Event "41st Olympiad Women 2014"]
[Site "Tromso NOR"]
[Date "2014.08.10"]
[Round "8.10"]
[Board "4"]
[White "Ibrahimova, Sabina"]
[Black "Cosma, Elena-Luminita"]
[Result "0-1"]
[WhiteTitle "WIM"]
[BlackTitle "WGM"]
[WhiteElo "2263"]
[BlackElo "2327"]
[WhiteTeam "Azerbaijan"]
[BlackTeam "Romania"]
[WhiteFideId "13403893"]
[BlackFideId "1201590"]
[EventDate "2014.08.02"]

1. e4 e6 2. d4 d5 3. Nc3 Bb4 4. e5 c5 5. a3 Bxc3+ 6. bxc3 Ne7 7. Nf3 b6 8. a4
Ba6 9. Bxa6 Nxa6 10. O-O h6 11. Qe2 Nb8 12. c4 dxc4 13. dxc5 bxc5 14. Rd1 Qc8
15. Nd2 O-O 16. Nxc4 Nd7 17. Ra3 Ng6 18. a5 Qc7 19. f4 Rfd8 20. Rad3 Ndf8 21.
Nd6 Rab8 22. c4 a6 23. Be3 Rd7 24. Qd2 Qc6 25. Qf2 Rc7 26. h4 Ne7 27. g4 Nc8 28.
f5 Nxd6 29. exd6 Rd7 30. f6 Qe4 31. Qf4 Qxf4 32. Bxf4 Ng6 33. Bg3 gxf6 34. Rf1
Ne5 35. Bxe5 fxe5 36. g5 hxg5 37. Rg3 Rxd6 38. Rxg5+ Kf8 39. Rh5 Rb4 40. Rh7 Rd7
41. h5 Kg8 42. Rh6 Rxc4 43. Rhf6 Rg4+ 44. Kf2 Rdd4 45. Rb1 Rgf4+ 46. Rxf4 Rxf4+
47. Ke3 Ra4 48. h6 Kh7 49. Rb7 Rf4 50. Rb6 Kxh6 51. Rxa6 Ra4 52. Ra7 Kg6 53. a6
f6 54. Ra8 Kf5 55. a7 Ra3+ 56. Ke2 e4 57. Rc8 Rxa7 58. Rxc5+ Kf4 0-1

[Event "41st Olympiad Women 2014"]
[Site "Tromso NOR"]
[Date "2014.08.10"]
[Round "8.11"]
[Board "1"]
[White "Vega Gutierrez, Sabrina"]
[Black "Kurbonboeva, Sarvinoz"]
[Result "1-0"]
[WhiteTitle "IM"]
[BlackTitle "WFM"]
[WhiteElo "2395"]
[BlackElo "2228"]
[WhiteTeam "Spain"]
[BlackTeam "Uzbekistan"]
[WhiteFideId "2219026"]
[BlackFideId "14201780"]
[EventDate "2014.08.02"]

1. e4 c5 2. Nf3 Nc6 3. d4 cxd4 4. Nxd4 g6 5. c4 Nf6 6. Nc3 d6 7. Be2 Nxd4 8.
Qxd4 Bg7 9. Be3 O-O 10. Qd2 a5 11. f3 a4 12. Rc1 Qa5 13. Rc2 Be6 14. Nd5 Bxd5
15. Qxa5 Rxa5 16. cxd5 Nd7 17. Rc7 Nc5 18. Rxe7 Bf6 19. Rc7 Bd8 20. Rxc5 dxc5
21. e5 Kg7 22. Kf2 Re8 23. f4 f6 24. Bd2 Ra8 25. Bb5 Rf8 26. Kg3 g5 27. e6 Bc7
28. Kf3 Bd6 29. Rd1 h6 30. Bc3 Rfc8 31. Kg4 c4 32. fxg5 hxg5 33. Kf5 Be7 34. Bd7
Rc5 35. a3 Rh8 36. Bb4 Rh4 37. g3 Rxh2 38. Bxc5 Bxc5 39. d6 Rf2+ 40. Ke4 Re2+
41. Kd5 Re5+ 42. Kxc4 Bf2 43. e7 Kf7 44. e8=Q+ Rxe8 45. Bxe8+ Kxe8 46. Kd5 Kd7
47. Rh1 Bxg3 48. Rh7+ 1-0

[Event "41st Olympiad Women 2014"]
[Site "Tromso NOR"]
[Date "2014.08.10"]
[Round "8.11"]
[Board "2"]
[White "Gevorgyan, Irina"]
[Black "Alexandrova, Olga"]
[Result "1/2-1/2"]
[WhiteTitle "WFM"]
[BlackTitle "IM"]
[WhiteElo "2141"]
[BlackElo "2424"]
[WhiteTeam "Uzbekistan"]
[BlackTeam "Spain"]
[WhiteFideId "14201437"]
[BlackFideId "14102463"]
[EventDate "2014.08.02"]

1. Nf3 Nf6 2. c4 b6 3. g3 c5 4. Bg2 Bb7 5. O-O g6 6. Nc3 Bg7 7. Re1 O-O 8. e4
Nc6 9. e5 Ne8 10. d4 Nxd4 11. Nxd4 Bxg2 12. Kxg2 cxd4 13. Qxd4 d6 14. Bf4 dxe5
15. Qxd8 Rxd8 16. Bxe5 f6 17. Bf4 e5 18. Be3 Nd6 19. b3 Nf5 20. Nd5 Nxe3+ 21.
Rxe3 Rd7 22. Rd1 Rfd8 23. Red3 Kf7 24. f3 Bf8 25. Kf2 Bc5+ 26. Ke2 h5 27. h3 f5
28. b4 Bd4 29. f4 Rc8 30. fxe5 Bxe5 31. Re3 Re8 32. Kf3 Rdd8 33. h4 Bb8 34. Rde1
Rxe3+ 35. Rxe3 b5 36. Re7+ Kf8 37. Rb7 bxc4 38. Rb5 Bd6 39. Ra5 Rc8 40. Ne3 c3
41. Nc2 Rc7 42. Ra6 Ke7 43. b5 Ke6 44. Ke3 Kd5 45. Kd3 Kc5 46. Nd4 Kd5 47. Nc2
Bxg3 48. Rxg6 Bxh4 49. Rh6 Bf2 50. Rxh5 Ke5 51. Nb4 Be1 52. Kc2 Bd2 53. a4 Ke4
54. a5 Rc5 55. b6 Rxa5 56. b7 Rb5 57. Nd3 Be3 58. Rh7 Bd4 59. Re7+ Kf3 60. Rd7
Ke4 61. Re7+ Kd5 62. Rd7+ Kc4 63. Rc7+ Kd5 64. Rd7+ Ke4 65. Re7+ Kf3 66. Rd7 Ke4 1/2-1/2

[Event "41st Olympiad Women 2014"]
[Site "Tromso NOR"]
[Date "2014.08.10"]
[Round "8.11"]
[Board "3"]
[White "Matnadze, Ana"]
[Black "Baymuratova, Sevara"]
[Result "1/2-1/2"]
[WhiteTitle "IM"]
[BlackTitle "WFM"]
[WhiteElo "2385"]
[BlackElo "2127"]
[WhiteTeam "Spain"]
[BlackTeam "Uzbekistan"]
[WhiteFideId "13601377"]
[BlackFideId "14202182"]
[EventDate "2014.08.02"]

1. d4 d5 2. Nf3 c6 3. g3 Nf6 4. Bg2 Bf5 5. O-O e6 6. c4 Nbd7 7. Qb3 Qb6 8. Nc3
h6 9. c5 Qa6 10. a4 b6 11. cxb6 Qxb6 12. Qxb6 axb6 13. Ne5 Nxe5 14. dxe5 Nd7 15.
e4 Bh7 16. exd5 exd5 17. Be3 Be7 18. Ne2 O-O 19. Nd4 Nxe5 20. Bf4 Bf6 21. Bxe5
Bxe5 22. Nxc6 Bxb2 23. Ra2 Bf6 24. Bxd5 Rae8 25. Rd1 Be4 26. Kf1 Bxd5 27. Rxd5
Re4 28. Rb5 Ra8 29. Nb4 Bc3 30. Nd5 Ba5 31. f3 Rd4 32. Kf2 Kf8 33. g4 g6 34.
Nxb6 Bxb6 35. Rxb6 Rdxa4 36. Rxa4 Rxa4 37. Kg3 Kg7 38. h4 g5 39. Rb5 gxh4+ 40.
Kxh4 Kg6 41. Rb6+ Kg7 42. Kg3 Ra3 43. Rb5 Kg6 44. Re5 f6 45. Rb5 Rc3 46. Kf4 Rc1
47. Rb6 Rc5 48. Ke4 h5 49. gxh5+ Rxh5 50. Rb8 Ra5 51. Kf4 Ra4+ 52. Kg3 Ra5 53.
Rb4 Ra1 54. Kf4 Rh1 55. Rb8 Rh4+ 56. Ke3 Ra4 57. Rb5 Ra3+ 58. Kf4 Ra4+ 59. Kg3
Ra3 60. Kg4 Ra1 61. f4 Rg1+ 62. Kf3 Rf1+ 63. Ke3 Re1+ 64. Kf2 Ra1 65. Kg3 Rg1+
66. Kf3 Rf1+ 67. Kg3 Rg1+ 68. Kf3 Rf1+ 69. Kg3 1/2-1/2

[Event "41st Olympiad Women 2014"]
[Site "Tromso NOR"]
[Date "2014.08.10"]
[Round "8.11"]
[Board "4"]
[White "Sabirova, Olga"]
[Black "Aranaz Murillo, Amalia"]
[Result "0-1"]
[WhiteTitle "WIM"]
[BlackTitle "WIM"]
[WhiteElo "2099"]
[BlackElo "2314"]
[WhiteTeam "Uzbekistan"]
[BlackTeam "Spain"]
[WhiteFideId "14200201"]
[BlackFideId "22200371"]
[EventDate "2014.08.02"]

1. e4 e6 2. Nc3 d5 3. d4 Nf6 4. exd5 Nxd5 5. Nxd5 Qxd5 6. Nf3 c5 7. Be3 Nd7 8.
c4 Qc6 9. Be2 cxd4 10. Nxd4 Bb4+ 11. Kf1 Qc7 12. Nb5 Qb8 13. c5 O-O 14. Rc1 a6
15. a3 Bxc5 16. Rxc5 axb5 17. Rxb5 Qc7 18. Rb4 Ra5 19. Rc4 Qb8 20. f3 Rd5 21.
Rd4 Nf6 22. Bc4 Rxd4 23. Qxd4 b5 24. Bf4 Qb7 25. Bb3 Nd5 26. Bxd5 exd5 27. Kf2
Be6 28. Rc1 Rc8 29. Rc5 h6 30. Qb4 Rxc5 31. Qxc5 Qa6 32. Be5 Qa4 33. h3 Qh4+ 34.
Bg3 Qa4 35. Be5 Qh4+ 36. Kf1 Qh5 37. Qc3 Qg6 38. Kg1 Bxh3 39. Qd2 Be6 40. Qe2
Qf5 41. Bc3 Bd7 42. Qe5 Qxe5 43. Bxe5 f6 44. Bc3 Kf7 45. Kf2 h5 46. Ke3 h4 47.
Kd4 Ke6 48. Ba5 Be8 49. Bc7 Bg6 50. Kc3 Bb1 51. b3 Kd7 52. Bb6 g5 53. Bd4 Ke6
54. Bb6 Ke7 55. Bf2 f5 56. f4 Kf6 57. Bb6 gxf4 58. Bd8+ Ke5 59. Bxh4 d4+ 60. Kd2
Be4 61. a4 bxa4 62. bxa4 Bxg2 63. a5 Bf1 64. Bf2 Ke4 65. Bg1 Ba6 66. Bf2 d3 67.
Bb6 f3 68. Bf2 Kf4 69. Be1 Bb5 70. Bf2 Kg4 71. Be1 Kh3 72. Ke3 Kg2 0-1

[Event "41st Olympiad Women 2014"]
[Site "Tromso NOR"]
[Date "2014.08.10"]
[Round "8.13"]
[Board "1"]
[White "Berezina, Irina"]
[Black "Bojkovic, Natasa"]
[Result "1-0"]
[WhiteTitle "IM"]
[BlackTitle "IM"]
[WhiteElo "2182"]
[BlackElo "2425"]
[WhiteTeam "Australia"]
[BlackTeam "Serbia"]
[WhiteFideId "3201937"]
[BlackFideId "908550"]
[EventDate "2014.08.02"]

1. d4 Nf6 2. c4 e6 3. g3 d5 4. Bg2 Bb4+ 5. Bd2 Be7 6. Nf3 c6 7. Qc2 b6 8. O-O
O-O 9. Nc3 dxc4 10. Rfd1 a5 11. e4 Na6 12. a3 Nc7 13. Na4 Rb8 14. Bf4 Bd7 15.
Ne5 Be8 16. h3 Nh5 17. Be3 f6 18. Nf3 g6 19. b3 cxb3 20. Qxb3 Ng7 21. Rab1 Kh8
22. Ne1 Bf7 23. Nc2 f5 24. f3 fxe4 25. fxe4 Bg5 26. Qd3 Bxe3+ 27. Nxe3 Qg5 28.
Ng4 c5 29. Ne5 Be8 30. h4 Qd8 31. Nxb6 cxd4 32. a4 Nb5 33. axb5 Qxb6 34. Bf1 Rd8
35. Nc4 Qa7 36. b6 Qf7 37. Rd2 a4 38. Rbb2 Bc6 39. Ne5 Qb7 40. Nxc6 Qxc6 41.
Rdc2 Qd6 42. b7 Rb8 43. Rb5 a3 44. Be2 Qe7 45. Qb3 Qf7 46. Bc4 d3 47. Bxd3 Qf3
48. Rg2 a2 49. Ra5 Qf7 50. Ba6 Qc7 51. Raxa2 Qc5+ 52. Kh2 Nh5 53. Qxe6 Nf6 54.
Rac2 Qa7 55. Rc8 h5 56. Qxf6+ 1-0

[Event "41st Olympiad Women 2014"]
[Site "Tromso NOR"]
[Date "2014.08.10"]
[Round "8.13"]
[Board "2"]
[White "Vojinovic, Jovana"]
[Black "Nguyen, Thu Giang"]
[Result "1-0"]
[WhiteTitle "WGM"]
[BlackTitle "WFM"]
[WhiteElo "2312"]
[BlackElo "2165"]
[WhiteTeam "Serbia"]
[BlackTeam "Australia"]
[WhiteFideId "937266"]
[BlackFideId "12400980"]
[EventDate "2014.08.02"]

1. Nf3 Nf6 2. g3 b6 3. Bg2 Bb7 4. c4 e6 5. O-O Be7 6. d4 O-O 7. Nc3 Ne4 8. Bd2
Nxd2 9. Qxd2 d6 10. d5 e5 11. Ne1 f5 12. f4 Nd7 13. Nc2 Ba6 14. Nb4 Bb7 15. Nc6
Bxc6 16. dxc6 Nf6 17. fxe5 dxe5 18. Qxd8 Raxd8 19. Rxf5 Bc5+ 20. Kh1 g6 21. Rff1
Ng4 22. Bd5+ Kg7 23. Rf3 a6 24. Raf1 Nf6 25. e4 h5 26. Kg2 Ng4 27. Rf7+ Kh6 28.
Nd1 Rxf7 29. Rxf7 Rc8 30. Be6 Rd8 31. Rd7 Rxd7 32. cxd7 Be7 33. Bxg4 hxg4 34.
Ne3 Kg5 35. Nd5 Bd8 36. Nb4 Kf6 37. Nc6 Be7 38. b4 g5 39. h3 Ke6 40. d8=R Bxd8
41. Nxd8+ Ke7 42. Nc6+ Kd6 43. b5 a5 44. h4 1-0

[Event "41st Olympiad Women 2014"]
[Site "Tromso NOR"]
[Date "2014.08.10"]
[Round "8.13"]
[Board "4"]
[White "Velikic, Adela"]
[Black "Dekic, Biljana N."]
[Result "1-0"]
[BlackTitle "WIM"]
[WhiteElo "2145"]
[BlackElo "2048"]
[WhiteTeam "Serbia"]
[BlackTeam "Australia"]
[WhiteFideId "913553"]
[BlackFideId "3200493"]
[EventDate "2014.08.02"]

1. e4 c5 2. Nf3 d6 3. d4 cxd4 4. Nxd4 Nf6 5. Nc3 a6 6. Be2 e6 7. O-O Qc7 8. f4
Nbd7 9. Bf3 Be7 10. Qe1 h5 11. h3 h4 12. Be3 Nh5 13. Nde2 Nf8 14. Rd1 Ng6 15.
Qd2 Bd7 16. b3 Rc8 17. Rc1 Bf6 18. Nd1 b5 19. c4 Qb8 20. Qa5 bxc4 21. Bxh5 Bd8
22. Qxa6 Rxh5 23. Rxc4 Ra5 24. Rxc8 Bxc8 25. Qc6+ Bd7 26. Qc2 Qa8 27. Ndc3 Ne7
28. Rd1 Qb8 29. Kh1 Bb6 30. Bxb6 Qxb6 31. Qd2 d5 32. Qd4 Qxd4 33. Rxd4 dxe4 34.
Rxe4 Nf5 35. Kg1 Bc6 36. Rc4 Bd7 37. Kf2 Ke7 38. Nd4 Nxd4 39. Rxd4 Bc6 40. a4
Ra8 41. Rd2 Rc8 42. Ne2 Bd5 43. Rb2 Rb8 44. b4 Ra8 45. Nc3 Bb7 46. b5 g5 47.
fxg5 Rg8 48. Nd1 Rxg5 49. Ne3 Rg8 50. a5 Ra8 51. a6 Be4 52. Rb3 f5 53. b6 Rxa6
54. b7 Ra2+ 55. Ke1 Bxb7 56. Rxb7+ Kf6 57. Kf1 Ra1+ 58. Kf2 Ra2+ 59. Kg1 Ra1+
60. Nf1 e5 61. Rb2 e4 62. Kf2 f4 63. Nh2 Ke5 64. Ng4+ Kd4 65. Rb4+ Kd3 66. Ne5+
Kc3 67. Rxe4 Ra2+ 68. Kf3 Ra1 69. Rxf4 1-0

[Event "41st Olympiad Women 2014"]
[Site "Tromso NOR"]
[Date "2014.08.10"]
[Round "8.14"]
[Board "2"]
[White "Ostry, Irina"]
[Black "Videnova, Iva"]
[Result "0-1"]
[WhiteTitle "WIM"]
[BlackTitle "WGM"]
[WhiteElo "2177"]
[BlackElo "2342"]
[WhiteTeam "Kyrgyzstan"]
[BlackTeam "Bulgaria"]
[WhiteFideId "13800060"]
[BlackFideId "2907763"]
[EventDate "2014.08.02"]

1. e4 c5 2. Nf3 d6 3. c3 Nf6 4. h3 Nc6 5. Bd3 d5 6. e5 Nd7 7. Bb5 Qb6 8. Bxc6
Qxc6 9. d4 e6 10. O-O b6 11. Re1 Bb7 12. Nbd2 Be7 13. Nf1 O-O 14. Ng3 Rac8 15.
Bf4 a5 16. Nh5 Kh8 17. Qd2 Qc7 18. Rac1 Qd8 19. a3 Ba6 20. Qe3 Qe8 21. g4 Rc6
22. Kg2 Rg8 23. Ng3 f6 24. exf6 gxf6 25. g5 fxg5 26. Bxg5 Bf8 27. Ne5 Nxe5 28.
Bf6+ Bg7 29. Qxe5 Qg6 30. Bxg7+ Qxg7 31. Rcd1 Qxe5 32. Rxe5 Rf8 33. Rd2 Kg7 34.
f4 Kf6 35. f5 cxd4 36. cxd4 Ke7 37. Kh2 Bc4 38. Rf2 Rf7 39. Nh5 Bd3 40. f6+ Kd7
41. Ng7 Be4 42. Kg3 Bg6 43. Kh4 Rf8 44. Kg5 Bf7 45. Rfe2 h6+ 46. Kh4 Bg8 47. Nh5
Rc4 48. Rd2 Kd6 49. Kg3 Rxd4 50. Rxe6+ Bxe6 51. Rxd4 Ke5 52. Rd2 Bf5 53. Re2+
Be4 54. Kh4 Kd4 55. Kg4 Ke5 56. Kh4 a4 57. Re1 Kd4 58. Kg4 b5 59. Rc1 Ke3 60.
Rc7 Bf3+ 61. Kh4 Bxh5 62. Kxh5 Rxf6 63. Rc5 d4 64. Rxb5 d3 65. Rd5 d2 66. h4 Re6 0-1

[Event "41st Olympiad Women 2014"]
[Site "Tromso NOR"]
[Date "2014.08.10"]
[Round "8.14"]
[Board "3"]
[White "Djingarova, Emilia"]
[Black "Alymbay, Kyzy Aizhan"]
[Result "1-0"]
[WhiteTitle "WGM"]
[WhiteElo "2303"]
[BlackElo "1859"]
[WhiteTeam "Bulgaria"]
[BlackTeam "Kyrgyzstan"]
[WhiteFideId "2903229"]
[BlackFideId "13800043"]
[EventDate "2014.08.02"]

1. e4 c6 2. d3 d5 3. Nd2 e5 4. Ngf3 Bd6 5. g3 Nf6 6. Bg2 O-O 7. O-O Bg4 8. h3
Be6 9. d4 Nbd7 10. exd5 Bxd5 11. c4 Be6 12. Qc2 h6 13. Re1 exd4 14. Nxd4 Qb6 15.
N2f3 Nc5 16. Be3 Bd7 17. Nf5 Bc7 18. Bd4 Bd8 19. Re5 Nfe4 20. N3h4 Bf6 21. Rxe4
Bxd4 22. Rxd4 Rad8 23. Rad1 Be6 24. Qd2 Rxd4 25. Qxd4 Bxf5 26. Nxf5 Ne6 27. Qxb6
axb6 28. Rd7 Rb8 29. b4 Kf8 30. Nd6 Nd8 31. b5 g6 32. Rc7 Ra8 33. Rc8 Rxc8 34.
Nxc8 1-0

[Event "41st Olympiad Women 2014"]
[Site "Tromso NOR"]
[Date "2014.08.10"]
[Round "8.14"]
[Board "4"]
[White "Shyngys Kyzy, Aijarkyn"]
[Black "Voiska, Margarita"]
[Result "0-1"]
[BlackTitle "WGM"]
[WhiteElo "1800"]
[BlackElo "2279"]
[WhiteTeam "Kyrgyzstan"]
[BlackTeam "Bulgaria"]
[WhiteFideId "13800531"]
[BlackFideId "2900602"]
[EventDate "2014.08.02"]

1. e4 d6 2. d4 Nf6 3. Nc3 e5 4. Nf3 Nbd7 5. Bg5 Be7 6. Be2 h6 7. Bh4 O-O 8. Bg3
Nh5 9. Qd2 c6 10. O-O-O Qa5 11. Kb1 Re8 12. Bh4 Bf8 13. g4 Nf4 14. Bf1 Ng6 15.
Bg3 b5 16. h4 b4 17. Ne2 Nf6 18. h5 Nxe4 19. Qd3 Nxg3 20. Nxg3 Nf4 21. Qe4 Be6
22. b3 Nd5 23. Ne2 Nf6 24. Qd3 e4 25. Qe3 exf3 26. Qxf3 Bxg4 27. Qd3 Bxe2 28.
Bxe2 Nd5 29. Rde1 Nc3+ 30. Kc1 Nxa2+ 31. Kd2 Qg5+ 0-1

[Event "41st Olympiad Women 2014"]
[Site "Tromso NOR"]
[Date "2014.08.10"]
[Round "8.15"]
[Board "1"]
[White "Ziaziulkina, Nastassia"]
[Black "Botsari, Anna-Maria"]
[Result "1-0"]
[WhiteTitle "IM"]
[BlackTitle "WGM"]
[WhiteElo "2407"]
[BlackElo "2299"]
[WhiteTeam "Belarus"]
[BlackTeam "Greece"]
[WhiteFideId "13505211"]
[BlackFideId "4200446"]
[EventDate "2014.08.02"]

1. e4 c5 2. Nf3 e6 3. d4 cxd4 4. Nxd4 Nc6 5. Nc3 Qc7 6. Be3 a6 7. Qd2 Nf6 8. f4
b5 9. e5 b4 10. Ncb5 axb5 11. Nxb5 Qb8 12. exf6 gxf6 13. a4 bxa3 14. bxa3 Ba6
15. Rb1 Bxb5 16. Bxb5 Qd6 17. a4 Qxd2+ 18. Kxd2 Bd6 19. Rhd1 Ne7 20. c4 Nf5 21.
Ke2 h5 22. c5 Nxe3 23. Rxd6 Nd5 24. Bxd7+ Ke7 25. Kf3 Ra7 26. Bc6 Rc8 27. f5
Rac7 28. fxe6 Rxc6 29. Rxd5 Rxc5 30. Rxc5 Rxc5 31. exf7 Kxf7 32. Ra1 Ra5 33. Ke4
Ke6 34. Kd4 Kd6 35. Kc4 Kc6 36. Ra2 Kb6 37. Rf2 Rxa4+ 38. Kd5 Rg4 39. Ke6 Kc5
40. Kxf6 Kd4 41. Ra2 Ke3 42. Kf5 Rg8 43. g3 Kf3 44. Ra4 Rf8+ 45. Kg5 Rg8+ 46.
Kh6 Rg4 47. Rxg4 Kxg4 48. h4 1-0

[Event "41st Olympiad Women 2014"]
[Site "Tromso NOR"]
[Date "2014.08.10"]
[Round "8.15"]
[Board "2"]
[White "Tsolakidou, Stavroula"]
[Black "Stetsko, Lanita"]
[Result "1-0"]
[WhiteTitle "WFM"]
[BlackTitle "FM"]
[WhiteElo "2240"]
[BlackElo "2261"]
[WhiteTeam "Greece"]
[BlackTeam "Belarus"]
[WhiteFideId "4264312"]
[BlackFideId "13505300"]
[EventDate "2014.08.02"]

1. e4 e5 2. Nf3 Nc6 3. Bb5 a6 4. Ba4 Nf6 5. O-O Be7 6. Re1 b5 7. Bb3 O-O 8. d4
d6 9. c3 Bg4 10. Be3 Bh5 11. Nbd2 Na5 12. dxe5 dxe5 13. h3 Qd6 14. g4 Bg6 15.
Nxe5 Bxe4 16. Bf4 Nxb3 17. axb3 Rfd8 18. Ng6 Qe6 19. Nxe7+ Qxe7 20. Bg5 Rd3 21.
Bxf6 gxf6 22. Rxe4 Qc5 23. Qe2 Rxh3 24. Kg2 Rh4 25. Nf3 Rh6 26. Qe3 1-0

[Event "41st Olympiad Women 2014"]
[Site "Tromso NOR"]
[Date "2014.08.10"]
[Round "8.15"]
[Board "3"]
[White "Kaliadzich, Maryia"]
[Black "Makropoulou, Marina"]
[Result "1/2-1/2"]
[BlackTitle "WGM"]
[WhiteElo "2020"]
[BlackElo "2218"]
[WhiteTeam "Belarus"]
[BlackTeam "Greece"]
[WhiteFideId "13500015"]
[BlackFideId "4200187"]
[EventDate "2014.08.02"]

1. d4 Nf6 2. Nf3 e6 3. e3 b6 4. Bd3 Bb7 5. O-O Be7 6. c4 d5 7. Nc3 Nbd7 8. b3
O-O 9. Bb2 Ne4 10. Rc1 f5 11. Qe2 a6 12. Rfd1 Bd6 13. Bb1 Qe7 14. Nxe4 fxe4 15.
Ne5 Rad8 16. cxd5 exd5 17. f4 exf3 18. Nxf3 Nf6 19. Ne5 c5 20. Rf1 Ne4 21. Bxe4
Bxe5 22. Bxh7+ Kxh7 23. Qh5+ Kg8 24. dxe5 Qe6 25. Rcd1 a5 26. Rf4 Rxf4 27. exf4
d4 28. Bc1 Be4 29. Re1 Bf5 30. h3 a4 31. Qf3 axb3 32. axb3 d3 33. g4 d2 34. Bxd2
Rxd2 35. gxf5 Qxf5 36. Qa8+ Kh7 37. Qe4 Qxe4 38. Rxe4 Kg8 39. b4 Rc2 40. bxc5
bxc5 41. f5 Kf8 42. Kf1 c4 43. e6 c3 44. Rc4 Rc1+ 45. Ke2 c2 46. Kd3 Rf1 47.
Rxc2 Rxf5 48. Ke4 Rh5 49. Rc7 Rxh3 50. Rf7+ Ke8 51. Rxg7 Rh5 1/2-1/2

[Event "41st Olympiad Women 2014"]
[Site "Tromso NOR"]
[Date "2014.08.10"]
[Round "8.15"]
[Board "4"]
[White "Markantonaki, Haritomeni"]
[Black "Revo, Tatiana"]
[Result "0-1"]
[WhiteTitle "WFM"]
[WhiteElo "2180"]
[BlackElo "2023"]
[WhiteTeam "Greece"]
[BlackTeam "Belarus"]
[WhiteFideId "4207050"]
[BlackFideId "13506480"]
[EventDate "2014.08.02"]

1. e4 c5 2. Nf3 d6 3. d4 cxd4 4. Nxd4 Nf6 5. Nc3 a6 6. Be2 e6 7. O-O Be7 8. f4
O-O 9. Kh1 Qc7 10. Qe1 b5 11. Bf3 Bb7 12. e5 Ne8 13. f5 b4 14. f6 bxc3 15. fxe7
Qxe7 16. exd6 Nxd6 17. Qxc3 Rc8 18. Qa3 Nc6 19. Nb3 Ne5 20. Bf4 Bxf3 21. Bxe5
Qg5 22. Rxf3 Qxe5 23. c3 Nc4 24. Qb4 Rab8 25. Qa4 Qd6 26. Rf2 h6 27. Raf1 Ne3
28. Rd2 Qb6 29. Rf3 Nc4 30. Re2 Qd6 31. Ref2 Ne5 32. Qf4 Qc7 33. Rg3 Ng6 34.
Qxc7 Rxc7 35. Nd4 Ne5 36. b3 Rbc8 37. Ne2 Rd8 38. h3 Rd2 39. a4 Nd3 40. Rf1 Nc5
41. Nd4 Ne4 42. Re3 Nxc3 43. Rc1 Rxd4 44. Rexc3 Rxc3 45. Rxc3 Rb4 46. Kg1 Kf8
47. Kf2 Ke7 48. Ke2 e5 49. Kd2 Kd6 50. Rg3 g5 51. Kc3 Rd4 52. Rf3 Ke6 53. a5 f5
54. b4 Rd5 55. Kb3 e4 56. Rc3 f4 57. Rc6+ Rd6 58. Rc8 Kd5 59. b5 axb5 60. Kb4 e3
61. Kxb5 e2 62. Rc1 Ke4 63. Re1 Ke3 64. a6 Kf2 65. a7 Rd8 0-1

[Event "41st Olympiad Women 2014"]
[Site "Tromso NOR"]
[Date "2014.08.10"]
[Round "8.16"]
[Board "1"]
[White "Daulyte, Deimante"]
[Black "Golubenko, Valentina"]
[Result "1/2-1/2"]
[WhiteTitle "WGM"]
[BlackTitle "WGM"]
[WhiteElo "2386"]
[BlackElo "2269"]
[WhiteTeam "Lithuania"]
[BlackTeam "Croatia"]
[WhiteFideId "12802859"]
[BlackFideId "4501993"]
[EventDate "2014.08.02"]

1. e4 e6 2. d4 d5 3. Nc3 Bb4 4. e5 c5 5. a3 Bxc3+ 6. bxc3 Ne7 7. Qg4 Nf5 8. Bd3
h5 9. Qf4 Qc7 10. Ne2 Ne7 11. dxc5 Nd7 12. Qg3 Qxe5 13. Bf4 h4 14. Bxe5 hxg3 15.
Bxg3 Nxc5 16. Rb1 Bd7 17. O-O Rc8 18. f3 b6 19. Rfc1 f6 20. c4 Nxd3 21. cxd3 Kf7
22. c5 Rxc5 23. Rxc5 bxc5 24. Rb7 Bc6 25. Rxa7 e5 26. f4 e4 27. d4 c4 28. Be1
Ra8 29. Rc7 Rc8 30. Ra7 Ra8 31. Rc7 Rc8 32. Ra7 1/2-1/2